| 000 | 01376nam a22002897a 4500 | ||
|---|---|---|---|
| 005 | 20130717150759.0 | ||
| 008 | 120704s2011 ck ab frb f00010 spa d | ||
| 015 | _ack-2011-xxxx | ||
| 020 | _a9789588426266 | ||
| 041 | 0 | _aspa | |
| 043 | _as-ck--- | ||
| 082 | 0 | 4 |
_a333.7 _bP25a |
| 110 | 1 |
_aColombia. _bMinisterio de Ambiente, Vivienda y Desarrollo Territorial. _bParques Nacionales Naturales de Colombia. _9567 |
|
| 245 | 1 | 0 |
_aAreas protegidas amazónicas colombianas : _belementos para la gestión en zonas de frontera / _cParques Nacionales Naturales de Colombia ; investigación y textos Marcela Galvis Hernández. |
| 260 |
_aBogotá : _bParques Nacionales Naturales de Colombia, _c2011. |
||
| 300 |
_a103 p. : _bil., mapas ; _c21 cm. |
||
| 504 | _aIncluye bibliografías. | ||
| 650 | 4 |
_aConservación de la vida silvestre _z Amazonas (Región, Colombia) _9568 |
|
| 650 | 4 |
_aPolítica ambiental _z Amazonas (Región, Colombia) _9569 |
|
| 650 | 4 |
_aParques naturales _z Amazonas (Región, Colombia) _9570 |
|
| 650 | 4 |
_aConservación de la naturaleza _z Amazonas (Región, Colombia) _9571 |
|
| 650 | 4 |
_aEcología _z Amazonas (Región, Colombia) _9572 |
|
| 650 | 4 |
_aDesarrollo sostenible _z Amazonas (Región, Colombia) _9573 |
|
| 650 |
_aParticipación social _z Amazonas (Región, Colombia) _9574 |
||
| 700 | 1 |
_aGalvis Hernández, Marcela. _9575 |
|
| 942 |
_2ddc _cIMPRESO |
||
| 999 |
_c7389 _d7389 |
||